| 000 | 00718nam a22002297a 4500 | ||
|---|---|---|---|
| 005 | 20200104041618.0 | ||
| 008 | 130813b ck ||||| |||| 00| 0 spa d | ||
| 020 | _a9589386490 | ||
| 041 | _aspa | ||
| 044 | _ack | ||
| 082 | 0 | 4 |
_a304.25 _bA51a |
| 245 | 0 | 0 | _aAlmacenamiento de carbono en ecosistemas terrestres para mitigar el cambio climático global |
| 260 |
_aColombia: _bCIPAV, _c[?] |
||
| 300 |
_a68 p. _bil., (col), tablas _c22 cm. |
||
| 650 | 4 |
_aEcosistemas terrestres _91490 |
|
| 650 | 6 |
_aCambios climáticos _928652 |
|
| 650 | 6 |
_aClimatología _9288 |
|
| 650 | 4 |
_aEfecto invernadero _928654 |
|
| 650 | 6 |
_aClima _xefectos sociales _928655 |
|
| 650 | 6 |
_aTiempo _xefectos sociales _928656 |
|
| 942 |
_2ddc _cLIBRO _01 |
||
| 999 |
_c7549 _d7549 |
||